Szczegóły MARC21

Następstwa braku bezpieczeństwa w pracy resocjalizacyjnej z nieletnimi /

003 -Nazwa inst., której nr kontr. jest w polu 001 [,]
    • @
    • Nazwa instytucji, której n kontrolny jest w polu 001
    • NUKAT
005 -DATA I CZAS OSTATNIEJ MODYFIKACJI [,]
    • @
    • pole kontrolne
    • 20241231103205.0
020 -Międzynarod. znormalizowany nr książki - ISBN [ , ]
    • a
    • Numer ISBN
    • 9788380852938 Find
040 -Instytucja sporządzająca opis [ , ]
    • a
    • Instytucja, która sporządziła opis (NP)
    • OLSZT 003/bak
    • b
    • Język katalogowania
    • pol
    • e
    • Zasady katalogowania
    • rda
    • c
    • Instytucja, która sporządziła rekord (NP)
    • OLSZT 003/bak
942 -Rodzaj dokumentu [ , ]
    • c
    • Rodzaj dokumentu
    • Książka
100 -Hasło główne - nazwa osobowa [1, ]
    • a
    • Nazwa osobowa (NP)
    • Łukasiewicz, Marek
    • c
    • Dopowiedzenie inne niż daty biograficzne (P)
    • (pedagogika).
    • e
    • Rodzaj współpracy
    • Autor
    • 9
    • KHW
    • 542511
245 -Strefa tytułu i oznaczenia odpowiedzialności [1,0]
    • a
    • Tytuł
    • Następstwa braku bezpieczeństwa w pracy resocjalizacyjnej z nieletnimi / Find
    • c
    • Pozostałe elementy strefy tytułu i oznaczenia odpowiedzialności (NP)
    • Marek Łukasiewicz.
260 -Strefa adresu wydawniczego [ , ]
    • a
    • Miejsce wydania (P)
    • Warszawa :
    • b
    • Nazwa wydawcy (P)
    • Difin,
    • c
    • Data wydania (P)
    • 2020.
300 -Strefa opisu fizycznego [ , ]
    • a
    • Określenie formy książki i/lub objętość (NP)
    • 158 stron :
    • b
    • Oznaczenie ilustracji (NP)
    • ilustracje ;
    • c
    • Format (NP)
    • 23 cm.
336 -Typ zawartości [ , ]
    • a
    • Termin opisujący typ zawartości
    • Tekst
    • b
    • Kod określający zawartość
    • txt
    • 2
    • Źródło (terminu i kodu)
    • rdacontent
337 -Typ mediów [ , ]
    • a
    • Tryb odtwarzania
    • Bez urządzenia pośredniczącego
    • b
    • Kod typu mediów
    • n
    • 2
    • Źródło (terminu i kodu)
    • rdamedia
338 -Typ/rodzaj nośnika [ , ]
    • a
    • Hasło opisujące typ nośnika
    • Wolumin
    • b
    • Kod typu nośnika
    • nc
    • 2
    • Źródło (terminu i kodu)
    • rdacarrier
504 -Uwaga dot. bibliogr. załącznikowej [ , ]
    • a
    • Uwaga dot. bibliografii załącznikowej
    • Bibliografia na stronach 148-156.
650 -Hasło przedmiotowe [ ,7]
    • a
    • Hasło przedmiotowe
    • Pedagodzy specjalni
    • x
    • Określnik rzeczowy
    • praca
    • z
    • Określnik geograficzny
    • Polska
    • y
    • Określnik chronologiczny
    • 1990-.
    • 2
    • Źródło terminu
    • kaba
    • 9
    • KHW
    • 456248
650 -Hasło przedmiotowe [ ,7]
    • a
    • Hasło przedmiotowe
    • Bezpieczeństwo pracy.
    • 2
    • Źródło terminu
    • kaba
    • 9
    • KHW
    • 102769
650 -Hasło przedmiotowe [ ,7]
    • a
    • Hasło przedmiotowe
    • Domy poprawcze
    • z
    • Określnik geograficzny
    • Polska
    • y
    • Określnik chronologiczny
    • 1990-.
    • 2
    • Źródło terminu
    • kaba
    • 9
    • KHW
    • 367971
650 -Hasło przedmiotowe [ ,7]
    • a
    • Hasło przedmiotowe
    • Młodociani przestępcy
    • x
    • Określnik rzeczowy
    • resocjalizacja.
    • 2
    • Źródło terminu
    • kaba
    • 9
    • KHW
    • 120323
650 -Hasło przedmiotowe [ ,7]
    • a
    • Hasło przedmiotowe
    • Ośrodki dla młodocianych przestępców
    • z
    • Określnik geograficzny
    • Polska
    • y
    • Określnik chronologiczny
    • 1990-.
    • 2
    • Źródło terminu
    • kaba
    • 9
    • KHW
    • 542704
650 -Hasło przedmiotowe [ ,7]
    • a
    • Hasło przedmiotowe
    • Ryzyko zawodowe.
    • 2
    • Źródło terminu
    • kaba
    • 9
    • KHW
    • 211717
710 -Hasło dodatkowe - nazwa ciała zbiorowego [2, ]
    • a
    • Nazwa ciała zbiorowego lub nazwa geograficzna jako pierwszy element (NP)
    • Difin.
    • e
    • Rodzaj współpracy
    • Wydawca
    • 4
    • Kod relacji
    • pbl
    • 9
    • KHW
    • 52248
856 -Dostęp do wersji elektronicznej [4,8]
    • 3
    • Wyszczególnienie materiału
    • Okładka
920 -ISBN [ , ]
    • a
    • ISBN
    • 978-83-8085-293-8 Find
Lokalizacja Data inwentaryzacji Status udost. Numer inwentarzowy
BG2020-07-291Z.124260
BG2020-07-29-3WM.25124
BG2020-07-29-3WM.25125
BNS2020-06-231H.34163
BNS2020-06-23-3H.34164